000 01422cam a22003494a 4500
999 _c57520
_d57520
001 12041429
005 20200701145200.0
008 000615s2001 nyu b 001 0 eng
010 _a 00056266
020 _a0387951040 (alk. paper)
020 _a9780387951041
040 _aDLC
_cDLC
_dDLC
041 _aeng
042 _apcc
050 0 0 _aQA611.28
_b.H44 2001
080 _a517.537+514 H-48
082 0 0 _a514/.32
_221
100 1 _aHeinonen, Juha.
_98968
245 1 0 _aLectures on analysis on metric spaces /
_cJuha Heinonen.
260 _aNew York :
_bSpringer,
_cc2001.
300 _ax, 140 p. ;
_c25 cm.
490 0 _aUniversitext
504 _aIncludes bibliographical references (p. [127]-135) and index.
650 0 _aMetric spaces.
_98969
650 0 _aMathematical analysis.
_98970
653 _aლექციები მეტრულ სივრცეებზე ანალიზების შესახებ
856 4 2 _3Publisher description
_uhttp://www.loc.gov/catdir/enhancements/fy0816/00056266-d.html
856 4 1 _3Table of contents only
_uhttp://www.loc.gov/catdir/enhancements/fy0816/00056266-t.html
906 _a7
_bcbc
_corignew
_d1
_eocip
_f20
_gy-gencatlg
942 _2udc
_cBK
955 _ato ASCD pc17 06-15-00; jp43 06-15-00 to jp99; jp99 to SL 06-16-00;jp85 to Dewey 06-20-00; aa07 06-23-00; jp00 04-23-01; CIP ver. jp25 05-02-01 to sl; jp05; to BCCD 05-18-01